Closest Capital City on Globe Grid - Statistics

General Stats
  • This quiz has been taken 1,328 times
  • The average score is 80 of 132
Answer Stats
ANSWER % Correct
Tokyo
92%
Beijing
89%
Canberra
89%
Mexico City
89%
Ottawa
87%
Wellington
87%
Buenos Aires
85%
Santiago
85%
Brasilia
84%
Oslo
83%
Jakarta
78%
Reykjavik
77%
Helsinki
76%
Lima
72%
Cairo
69%
Manila
69%
Astana
65%
Lisbon
65%
Havana
64%
Montevideo
62%
Quito
61%
Rabat
54%
Ulaanbaatar
53%
Sucre
52%
Port Moresby
51%
Taipei
51%
Suva
50%
Kuala Lumpur
47%
Dili
46%
Luanda
45%
Windhoek
44%
Apia
43%
Georgetown
38%
Guatemala City
38%
Khartoum
38%
Tarawa
37%
Victoria
37%
Praia
35%
Port Louis
34%
Bishkek
32%
Nuku'alofa
32%
Muscat
31%
Accra
30%
Lusaka
29%
Majuro
29%
Maseru
29%
Palikir
29%
Ashgabat
27%
Bandar Seri Begawan
27%
Niamey
24%
Kigali
20%
Andorra la Vella
19%
Thimphu
19%
Nay Pyi Taw
16%
Roseau
15%
Basseterre
14%
Chisinau
11%
No matching quizzes found
Score Distribution
Percent of People with Each Score
Percentile by Number Answered
Your Score History
You have not taken this quiz